000 01062cam a2200277Ma 4500
001 on1264930398
003 OCoLC
005 20230406134133.0
008 780110t19631949onc 001 0 eng d
035 _a(OCoLC)1264930398
040 _aCN6UV
_beng
_cCN6UV
_dOCLCF
050 4 _aPE1408 .F611
_bF63
100 1 _aFlesch, Rudolf,
_d1911-1986.
_917830
245 1 0 _aA new guide to better writing /
_cby Rudolf Flesch and A. H. Lass.
260 _aToronto :
_bPopular Library,
_c1963, c1949.
300 _a302 p. ;
_c18 cm.
500 _aPrevious editions have title: The way to write.
650 0 _aEnglish language
_xGrammar.
_9166
650 0 _aEnglish language
_xComposition and exercises.
_91108
650 7 _aEnglish language
_xComposition and exercises.
_2fast
_0(OCoLC)fst00911010
_91108
650 7 _aEnglish language
_xGrammar.
_2fast
_0(OCoLC)fst00911209
_9166
700 1 _aLass, Abraham H.
_q(Abraham Harold),
_d1907-2001.
_917831
730 0 _aWay to write.
_gFormer title.
_917832
942 _2lcc
_cBK
948 _hNO HOLDINGS IN GHUCC - 1 OTHER HOLDINGS
999 _c43533
_d43533